Japanische Automarken - Statistiken

Allgemein
  • Dieses Quiz wurde 63 mal gespielt
  • Das Durchschnittsergebnis liegt bei 4 aus 11
Antwortstatistiken
1 Japanische Automarken % Korrekt
2 Honda
68%
5 Nissan
64%
4 Mitsubishi
59%
3 Mazda
54%
7 Suzuki
52%
6 Subaru
43%
10 Daihatsu
41%
8 Lexus
32%
11 Isuzu
16%
9 Infiniti
11%
12 Mitsuoka
2%
Keine übereinstimmenden Quizze gefunden
Verteilung der Resultate
Anzahl Personen mit jedem Resultat
Perzentil nach korrekt beantworteten Fragen
Ihre Resultats-Entwicklung
Sie haben dieses Quiz noch nicht gespielt